[Event "Auckland ACA Jenkins m"]
[Site "Auckland"]
[Date "2018.09.05"]
[Round "1.5"]
[White "Green, Ewen M"]
[Black "Isaac, Ceferino"]
[Result "1-0"]
[WhiteElo "2250"]
[BlackElo "2083"]
[PlyCount "69"]
[EventDate "2018.09.05"]
[EventType "team-match"]
[EventRounds "1"]
[EventCountry "NZL"]
[SourceTitle "EXT 2024"]
[Source "ChessBase"]
[SourceDate "2023.10.10"]
[SourceVersion "1"]
[SourceVersionDate "2023.10.10"]
[SourceQuality "1"]
[WhiteTeam "Howick Pakuranga"]
[BlackTeam "North Shore"]
[WhiteTeamCountry "NZL"]
[BlackTeamCountry "NZL"]

1. Nf3 Nf6 2. c4 e6 3. g3 b6 4. Bg2 Bb7 5. 0-0 Be7 6. Nc3 0-0 7. b3 d5 8. e3 c5 9. Bb2 Nc6 10. Qe2 d4 11. exd4 Nxd4 12. Nxd4 Bxg2 13. Kxg2 cxd4 14. Nb5 d3 15. Qf3 Qd7 16. Rfe1 Rfd8 17. Re5 Rac8 18. Rae1 h6 19. h4 a6 20. Nc3 Bd6 21. R5e3 Bc5 22. Ne4 Nxe4 23. Rxe4 Qc6 24. g4 Bb4 25. a3 Bf8 26. Kh3 Rd7 27. Qg3 Rcd8 28. g5 Qc7 29. f4 g6 30. Be5 Bd6 31. Bf6 Be7 32. Be5 Bd6 33. h5 Bxe5 34. Rxe5 Rd4 35. hxg6 1-0

[Event "Asia-ch Seniors 65 8th"]
[Site "Auckland"]
[Date "2017.10.09"]
[Round "1"]
[White "Green, Ewen M"]
[Black "Lynn, William"]
[Result "1-0"]
[WhiteElo "2213"]
[BlackElo "1817"]
[PlyCount "51"]
[EventDate "2017.10.09"]
[EventType "swiss"]
[EventRounds "9"]
[EventCountry "NZL"]
[SourceTitle "CBM 181 Extra"]
[Source "ChessBase"]
[SourceDate "2017.12.12"]
[SourceVersion "1"]
[SourceVersionDate "2017.12.12"]
[SourceQuality "1"]

1. Nf3 f5 2. d4 Nf6 3. g3 e6 4. Bg2 Be7 5. 0-0 0-0 6. c4 d6 7. Nc3 Qe8 8. Re1 Nbd7 9. e4 fxe4 10. Ng5 Bd8 11. Ncxe4 Nxe4 12. Nxe4 Nf6 13. Ng5 c6 14. Bf4 e5 15. dxe5 dxe5 16. Bxe5 Qg6 17. Bd6 Bg4 18. Qd2 Nd7 19. Bxf8 Bxg5 20. f4 Bxf4 21. Qxf4 Rxf8 22. Qd2 Qf5 23. Qe3 Qc5 24. h3 Bh5 25. Qxc5 Nxc5 26. Re5 1-0

[Event "NZL-ch op 124th"]
[Site "Wellington"]
[Date "2017.01.09"]
[Round "9"]
[White "Green, Ewen M"]
[Black "Nicholls, Leighton"]
[Result "1-0"]
[WhiteElo "2248"]
[BlackElo "1929"]
[PlyCount "39"]
[EventDate "2017.01.01"]
[EventType "swiss"]
[EventRounds "9"]
[EventCountry "NZL"]
[SourceTitle "EXT 2018"]
[Source "ChessBase"]
[SourceDate "2017.10.13"]
[SourceVersion "1"]
[SourceVersionDate "2017.10.13"]
[SourceQuality "1"]

1. d4 Nf6 2. c4 c5 3. Nf3 cxd4 4. Nxd4 e5 5. Nb5 d5 6. cxd5 Bc5 7. e3 0-0 8. N5c3 Bf5 9. Be2 Nbd7 10. Nd2 e4 11. a3 Rc8 12. g4 Bxe3 13. gxf5 Bxf2+ 14. Kxf2 e3+ 15. Kg2 Rxc3 16. Nf1 Nxd5 17. Qxd5 Qg5+ 18. Ng3 Rc2 19. Qd3 Rfc8 20. Bxe3 1-0

[Event "NZL-ch 120th"]
[Site "Wellington"]
[Date "2013.01.08"]
[Round "9"]
[White "Green, Ewen M"]
[Black "Nyberg, Michael"]
[Result "1-0"]
[WhiteElo "2234"]
[BlackElo "1964"]
[PlyCount "57"]
[EventDate "2012.12.31"]
[EventType "swiss"]
[EventRounds "11"]
[EventCountry "NZL"]
[SourceTitle "CBM 152 Extra"]
[Source "ChessBase"]
[SourceDate "2013.02.25"]
[SourceVersion "1"]
[SourceVersionDate "2013.02.25"]
[SourceQuality "1"]

1. e4 Nf6 2. e5 Nd5 3. d4 d6 4. c4 Nb6 5. exd6 cxd6 6. Nc3 g6 7. Be3 Bg7 8. Rc1 0-0 9. b3 Bf5 10. d5 Na6 11. Nge2 Bg4 12. Qd2 Re8 13. h3 Bxe2 14. Bxe2 e5 15. dxe6 Rxe6 16. Bg4 f5 17. Be2 Qe8 18. Kf1 Nc5 19. Bf3 Rd8 20. Nb5 Qe7 21. g3 Rxe3 22. Qxe3 Qf8 23. Kg2 Bh6 24. Qd4 Bxc1 25. Rxc1 a6 26. Nc7 Rd7 27. Nd5 Qh6 28. Re1 Nc8 29. Nf6+ 1-0

[Event "NZL-ch 120th"]
[Site "Wellington"]
[Date "2013.01.07"]
[Round "8"]
[White "Steadman, Michael VR"]
[Black "Green, Ewen M"]
[Result "1/2-1/2"]
[WhiteElo "2195"]
[BlackElo "2234"]
[PlyCount "35"]
[EventDate "2012.12.31"]
[EventType "swiss"]
[EventRounds "11"]
[EventCountry "NZL"]
[SourceTitle "CBM 152 Extra"]
[Source "ChessBase"]
[SourceDate "2013.02.25"]
[SourceVersion "1"]
[SourceVersionDate "2013.02.25"]
[SourceQuality "1"]

1. d4 g6 2. c4 Bg7 3. Nc3 d6 4. e4 e5 5. dxe5 dxe5 6. Qxd8+ Kxd8 7. Bg5+ f6 8. 0-0-0+ Nd7 9. Be3 Bh6 10. Nd5 Bxe3+ 11. Nxe3 c6 12. h4 h5 13. g3 Nh6 14. Bh3 Ke7 15. f3 Nc5 16. Rh2 Bxh3 17. Nxh3 Rad8 18. Rhd2 1/2-1/2

[Event "NZL-ch 120th"]
[Site "Wellington"]
[Date "2013.01.06"]
[Round "7"]
[White "Green, Ewen M"]
[Black "Goodhue, Nathan"]
[Result "1/2-1/2"]
[WhiteElo "2234"]
[BlackElo "1990"]
[PlyCount "60"]
[EventDate "2012.12.31"]
[EventType "swiss"]
[EventRounds "11"]
[EventCountry "NZL"]
[SourceTitle "CBM 152 Extra"]
[Source "ChessBase"]
[SourceDate "2013.02.25"]
[SourceVersion "1"]
[SourceVersionDate "2013.02.25"]
[SourceQuality "1"]

1. c4 e5 2. g3 Nf6 3. Bg2 g6 4. Nf3 Nc6 5. 0-0 Bg7 6. d4 exd4 7. Nxd4 Nxd4 8. Qxd4 0-0 9. Nc3 d6 10. Bg5 h6 11. Bd2 Re8 12. Qd3 Nd7 13. b3 Nc5 14. Qc2 Kh7 15. Rad1 Ne6 16. Be3 Qf6 17. Nd5 Qd8 18. Nf4 Nxf4 19. Bxf4 Qe7 20. Rfe1 Rb8 21. b4 Be5 22. Be3 b6 23. Qa4 Bb7 24. Bxb7 Rxb7 25. Rd3 Rbb8 26. Qc6 Red8 27. Ra3 Ra8 28. Rd1 Bb2 29. Rb3 Be5 30. Ra3 Bb2 1/2-1/2

[Event "NZL-ch 120th"]
[Site "Wellington"]
[Date "2013.01.05"]
[Round "6"]
[White "Nijman, Brian"]
[Black "Green, Ewen M"]
[Result "1/2-1/2"]
[WhiteElo "2113"]
[BlackElo "2234"]
[PlyCount "98"]
[EventDate "2012.12.31"]
[EventType "swiss"]
[EventRounds "11"]
[EventCountry "NZL"]
[SourceTitle "CBM 152 Extra"]
[Source "ChessBase"]
[SourceDate "2013.02.25"]
[SourceVersion "1"]
[SourceVersionDate "2013.02.25"]
[SourceQuality "1"]

1. d4 Nf6 2. Nc3 d5 3. Bg5 Nbd7 4. e3 g6 5. Nf3 Bg7 6. Bd3 0-0 7. h3 b6 8. 0-0 Bb7 9. Re1 c5 10. a4 Ne4 11. Bf4 Nxc3 12. bxc3 Rc8 13. Bg3 Nf6 14. Be5 c4 15. Bf1 Ne4 16. Bxg7 Nxc3 17. Qd2 Ne4 18. Qb4 Kxg7 19. a5 Qd6 20. Reb1 Qxb4 21. Rxb4 b5 22. Rxb5 Bc6 23. Rb4 f6 24. Rab1 Nc3 25. R1b2 a6 26. Nd2 Bb5 27. Nb1 Ne4 28. c3 e5 29. Be2 Nd6 30. Bf3 e4 31. Bd1 Rc7 32. Nd2 Rb7 33. g3 Rfb8 34. h4 Kf7 35. f3 f5 36. fxe4 fxe4 37. Bg4 Ke7 38. Nb1 Nf7 39. Na3 Nd8 40. Nxb5 Rxb5 41. Rxb5 Rxb5 42. Rxb5 axb5 43. a6 Nc6 44. Kf2 Kd6 45. Bc8 Kc7 46. Bb7 h5 47. Ke2 Ne7 48. Kd2 Kb6 49. Kc1 Nc6 1/2-1/2

[Event "George Trundle IM"]
[Site "Auckland"]
[Date "2012.10.02"]
[Round "4"]
[White "Green, Ewen M"]
[Black "Hague, Ben"]
[Result "0-1"]
[WhiteElo "2258"]
[BlackElo "2314"]
[PlyCount "58"]
[EventDate "2012.09.29"]
[EventType "tourn"]
[EventRounds "9"]
[EventCountry "NZL"]
[EventCategory "2"]
[SourceTitle "EXT 2018"]
[Source "ChessBase"]
[SourceDate "2017.10.13"]
[SourceVersion "1"]
[SourceVersionDate "2017.10.13"]
[SourceQuality "1"]

1. c4 e5 2. g3 Nc6 3. Nc3 d6 4. Bg2 g6 5. e3 Bg7 6. Nge2 Nf6 7. Rb1 a5 8. a3 0-0 9. b4 axb4 10. axb4 Ne7 11. f4 c6 12. b5 exf4 13. bxc6 bxc6 14. Nxf4 d5 15. cxd5 Nexd5 16. Qb3 Bf5 17. Ncxd5 Nxd5 18. e4 Nxf4 19. gxf4 Re8 20. 0-0 Bxe4 21. Bxe4 Rxe4 22. Qf3 Rc4 23. f5 Bd4+ 24. Kh1 Qd5 25. fxg6 hxg6 26. d3 Rc2 27. Qxd5 cxd5 28. Rb7 Ra1 29. Rb8+ Kg7 0-1

[Event "George Trundle IM"]
[Site "Auckland"]
[Date "2012.09.29"]
[Round "1"]
[White "Lane, Gary William"]
[Black "Green, Ewen M"]
[Result "1/2-1/2"]
[WhiteElo "2391"]
[BlackElo "2258"]
[PlyCount "79"]
[EventDate "2012.09.29"]
[EventType "tourn"]
[EventRounds "9"]
[EventCountry "NZL"]
[EventCategory "2"]
[SourceTitle "EXT 2018"]
[Source "ChessBase"]
[SourceDate "2017.10.13"]
[SourceVersion "1"]
[SourceVersionDate "2017.10.13"]
[SourceQuality "1"]

1. e4 e5 2. Nf3 Nc6 3. Bb5 a6 4. Ba4 Nf6 5. 0-0 Be7 6. Re1 b5 7. Bb3 d6 8. c3 0-0 9. d4 Bg4 10. d5 Nb8 11. a4 Nbd7 12. h3 Bh5 13. Nbd2 Bg6 14. Bc2 Qc8 15. Nh4 Nh5 16. Nf5 Bxf5 17. exf5 Nhf6 18. Nf1 Nb6 19. Ne3 Qb7 20. axb5 axb5 21. Rxa8 Rxa8 22. Bb3 h6 23. Qf3 Na4 24. Bc2 Nc5 25. b4 Na4 26. Ng4 Nxg4 27. Qxg4 Kf8 28. Qf3 Bf6 29. Bb3 Nb6 30. Rd1 Ra1 31. Qe4 Bg5 32. Bxg5 Rxd1+ 33. Bxd1 hxg5 34. Bf3 Qa8 35. Kh2 Qa2 36. h4 Qxf2 37. hxg5 Nxd5 38. Qxd5 Qh4+ 39. Kg1 Qe1+ 40. Kh2 1/2-1/2

[Event "NZL-ch 107th"]
[Site "Auckland"]
[Date "2000.01.08"]
[Round "11"]
[White "Green, Ewen M"]
[Black "Rogers, Ian"]
[Result "0-1"]
[WhiteElo "2265"]
[BlackElo "2574"]
[PlyCount "48"]
[EventDate "1999.12.28"]
[EventType "swiss"]
[EventRounds "11"]
[EventCountry "NZL"]
[SourceTitle "CBM 074 Extra"]
[Source "ChessBase"]
[SourceDate "2000.03.10"]
[SourceVersion "2"]
[SourceVersionDate "2000.03.10"]
[SourceQuality "1"]

1. e4 c5 2. Nf3 d6 3. d4 cxd4 4. Nxd4 Nf6 5. Nc3 e6 6. g4 h6 7. h4 Nc6 8. Rg1 h5 9. gxh5 Nxh5 10. Bg5 Nf6 11. Be2 a6 12. Qd3 Qb6 13. Nb3 Bd7 14. Qg3 Qc7 15. 0-0-0 0-0-0 16. Kb1 Kb8 17. f4 Rc8 18. f5 Ne5 19. fxe6 fxe6 20. Be3 Nxe4 21. Nxe4 Qxc2+ 22. Ka1 Qxe4 23. Nc5 Qxh4 24. Qxe5 Rxc5 0-1

[Event "NZL-ch 107th"]
[Site "Auckland"]
[Date "2000.01.07"]
[Round "10"]
[White "Green, Ewen M"]
[Black "Gibbons, Robert"]
[Result "1-0"]
[WhiteElo "2265"]
[BlackElo "2200"]
[PlyCount "33"]
[EventDate "1999.12.28"]
[EventType "swiss"]
[EventRounds "11"]
[EventCountry "NZL"]
[SourceTitle "CBM 074 Extra"]
[Source "ChessBase"]
[SourceDate "2000.03.10"]
[SourceVersion "2"]
[SourceVersionDate "2000.03.10"]
[SourceQuality "1"]

1. e4 e5 2. Nf3 Nc6 3. Bb5 Nf6 4. 0-0 d6 5. d4 Bd7 6. Nc3 Be7 7. Re1 0-0 8. Bxc6 Bxc6 9. dxe5 dxe5 10. Qxd8 Raxd8 11. Nxe5 Bxe4 12. Nxe4 Nxe4 13. Nd3 f5 14. f3 Bc5+ 15. Nxc5 Nxc5 16. Bg5 Rde8 17. Be7 1-0

[Event "NZL-ch 107th"]
[Site "Auckland"]
[Date "1999.12.31"]
[Round "4"]
[White "Kulashko, Aleksei"]
[Black "Green, Ewen M"]
[Result "1-0"]
[WhiteElo "2396"]
[BlackElo "2265"]
[PlyCount "69"]
[EventDate "1999.12.28"]
[EventType "swiss"]
[EventRounds "11"]
[EventCountry "NZL"]
[SourceTitle "CBM 074 Extra"]
[Source "ChessBase"]
[SourceDate "2000.03.10"]
[SourceVersion "2"]
[SourceVersionDate "2000.03.10"]
[SourceQuality "1"]

1. e4 c5 2. Nc3 Nc6 3. f4 g6 4. Nf3 Bg7 5. Bc4 e6 6. 0-0 Nge7 7. d3 0-0 8. Bb3 d5 9. a4 b6 10. Qe1 Nd4 11. Nxd4 cxd4 12. Nb5 a6 13. Na3 Kh8 14. Bd2 dxe4 15. dxe4 Nc6 16. e5 Rb8 17. Nc4 b5 18. axb5 axb5 19. Nd6 f6 20. Qh4 fxe5 21. Qxd8 Nxd8 22. fxe5 Bb7 23. Ba5 Rxf1+ 24. Rxf1 Bxe5 25. Bxd8 Bxd6 26. Bf6+ Kg8 27. Bxe6+ Kf8 28. Bxd4+ Ke8 29. Rf7 Bc8 30. Bb3 Rb7 31. Rxb7 Bxb7 32. c4 bxc4 33. Bxc4 Ke7 34. b3 h5 35. h3 1-0

[Event "NZL-ch 107th"]
[Site "Auckland"]
[Date "1999.12.28"]
[Round "1"]
[White "Sutherland, John"]
[Black "Green, Ewen M"]
[Result "0-1"]
[WhiteElo "2055"]
[BlackElo "2265"]
[PlyCount "69"]
[EventDate "1999.12.28"]
[EventType "swiss"]
[EventRounds "11"]
[EventCountry "NZL"]
[SourceTitle "CBM 074 Extra"]
[Source "ChessBase"]
[SourceDate "2000.03.10"]
[SourceVersion "2"]
[SourceVersionDate "2000.03.10"]
[SourceQuality "1"]

1. d4 g6 2. e4 Bg7 3. Nf3 d6 4. Be2 Nf6 5. Nc3 0-0 6. 0-0 a6 7. a4 b6 8. Re1 Bb7 9. Bf1 e6 10. h3 h6 11. Bf4 Nc6 12. Qd2 Kh7 13. Rad1 Ne7 14. g4 Qb8 15. Bg2 b5 16. axb5 axb5 17. g5 b4 18. gxf6 bxc3 19. bxc3 Bxf6 20. Bxh6 Bg7 21. Bf4 Ra2 22. Rb1 Qa8 23. c4 Kg8 24. d5 Bc8 25. Bh6 Qa4 26. Bxg7 Kxg7 27. Re2 Qxc4 28. Rb4 Qc5 29. Ne1 Ba6 30. Re3 c6 31. dxc6 Nxc6 32. Bf1 Nxb4 33. Bxa6 Rxa6 34. Qc3+ Qxc3 35. Rxc3 0-1

[Event "Fencible Masters"]
[Site "Fencible"]
[Date "1997.??.??"]
[Round "9"]
[White "Green, Ewen M"]
[Black "Solomon, Stephen J"]
[Result "1/2-1/2"]
[WhiteElo "2290"]
[BlackElo "2395"]
[PlyCount "166"]
[EventDate "1997.??.??"]
[EventType "tourn"]
[EventRounds "9"]
[EventCountry "NZL"]
[SourceTitle "EXT 1999"]
[Source "ChessBase"]
[SourceDate "1998.11.16"]
[SourceVersion "1"]
[SourceVersionDate "1998.11.16"]
[SourceQuality "1"]

1. g3 d5 2. Bg2 c6 3. Nf3 Nf6 4. 0-0 Bf5 5. b3 e6 6. Bb2 a5 7. a3 h6 8. d3 Bc5 9. Nbd2 0-0 10. c4 Nbd7 11. Bc3 Qe7 12. Qc1 e5 13. b4 Bd6 14. c5 Bc7 15. e4 Bh7 16. Re1 b5 17. Bh3 d4 18. Bb2 Ra7 19. Nh4 Rfa8 20. Qc2 Nf8 21. Qb3 Nh5 22. Nf5 Qg5 23. Nf3 Qf6 24. Bg4 Bg6 25. N3h4 Qg5 26. Qd1 Nf6 27. Ne7+ Kh8 28. Bf3 N6d7 29. Nxc6 Ra6 30. Nxd4 exd4 31. Bxd4 Rd8 32. Bg2 Bh5 33. Qb3 Ne6 34. Be3 Qf6 35. Nf5 Bg6 36. d4 Bxf5 37. exf5 Nxd4 38. Bxd4 Qxd4 39. Qxf7 Qf6 40. Re8+ Nf8 41. Qxf6 Rxf6 42. Rxd8 Bxd8 43. Re1 axb4 44. axb4 Rxf5 45. Re8 Bc7 46. Re7 Bd8 47. Re8 Bc7 48. Re7 Bb8 49. Re8 Ba7 50. Re7 Bxc5 51. bxc5 Rxc5 52. Re8 Kg8 53. Bf1 Kf7 54. Rb8 Ne6 55. Rxb5 Rc2 56. Rf5+ Ke7 57. Re5 Kf6 58. Rf5+ Ke7 59. Re5 Kd6 60. Re2 Rc1 61. Kg2 g5 62. h3 Nd4 63. Ra2 Ke5 64. Bd3 Rd1 65. Ra5+ Kd6 66. Bc4 Nc2 67. Bb3 Ne1+ 68. Kf1 Rb1 69. Rd5+ Kc6 70. Rd1 Rxd1 71. Bxd1 Nd3 72. Ke2 Ne5 73. Ke3 Kd6 74. Bb3 Ke7 75. Ke4 Kf6 76. f4 Nd7 77. fxg5+ Kxg5 78. Bd1 Nc5+ 79. Kd4 Nd7 80. h4+ Kf5 81. g4+ Kf4 82. g5 hxg5 83. hxg5 Kxg5 1/2-1/2

[Event "US Open-96"]
[Site "Concord"]
[Date "1995.??.??"]
[Round "10"]
[White "Green, Ewen M"]
[Black "Townsend, M Paul"]
[Result "0-1"]
[WhiteElo "2290"]
[BlackElo "2225"]
[PlyCount "106"]
[EventDate "1995.08.06"]
[EventType "swiss"]
[EventRounds "12"]
[EventCountry "USA"]
[SourceTitle "EXT 1997"]
[Source "ChessBase"]
[SourceDate "1996.11.15"]
[SourceVersion "1"]
[SourceVersionDate "1996.11.15"]
[SourceQuality "1"]

1. d4 Nf6 2. c4 e6 3. Nf3 d5 4. Nc3 Bb4 5. e3 0-0 6. a3 Bxc3+ 7. bxc3 c6 8. Qc2 Nbd7 9. Bd3 dxc4 10. Bxc4 h6 11. 0-0 Re8 12. e4 e5 13. Re1 Qe7 14. Nd2 Nb6 15. Bd3 Bg4 16. f3 Bh5 17. Bb2 Rad8 18. Nb3 Qc7 19. Qf2 g5 20. Qg3 Kh7 21. h3 Bg6 22. Kf2 Nh5 23. Qh2 Qb8 24. Rh1 Nf4 25. Bc2 Kg7 26. Rae1 Nc4 27. Ba1 Nxa3 28. Bd1 Nd3+ 29. Ke2 Nf4+ 30. Kf1 b6 31. h4 Rh8 32. dxe5 Nd3 33. Re3 Nc4 34. Re2 Nf4 35. Re1 Nd3 36. Re2 Nf4 37. Re1 c5 38. g3 Nd3 39. Re2 Qxe5 40. Nd2 Qf6 41. Rg2 Nxd2+ 42. Rxd2 c4 43. Re2 Qxf3+ 44. Kg1 b5 45. Qg2 Qxg2+ 46. Kxg2 Rde8 47. Kf1 Bxe4 48. Rg1 f6 49. Bc2 Bf3 50. Bxd3 cxd3 51. Rxe8 Rxe8 52. Kf2 Bg4 53. Re1 d2 0-1

[Event "North Shore-ch"]
[Site "North Shore"]
[Date "1991.??.??"]
[Round "?"]
[White "Sarapu, Ortvin"]
[Black "Green, Ewen M"]
[Result "1-0"]
[WhiteElo "2360"]
[BlackElo "2290"]
[PlyCount "63"]
[EventDate "1991.??.??"]
[EventType "tourn"]
[EventRounds "11"]
[EventCountry "NZL"]
[SourceTitle "EXT 1997"]
[Source "ChessBase"]
[SourceDate "1996.11.15"]
[SourceVersion "1"]
[SourceVersionDate "1996.11.15"]
[SourceQuality "1"]

1. e4 e6 2. d4 d5 3. Nc3 Bb4 4. e5 c5 5. dxc5 Nc6 6. Qg4 Nge7 7. Bd2 d4 8. Ne4 Bxd2+ 9. Nxd2 0-0 10. Ngf3 Qa5 11. Bd3 Nf5 12. 0-0 Nxe5 13. Nxe5 Qxd2 14. Nf3 Qa5 15. Bxf5 exf5 16. Qxd4 Rd8 17. Qe3 Be6 18. c3 Qc7 19. b4 Bc4 20. Rfe1 b6 21. cxb6 axb6 22. a4 Qc8 23. a5 bxa5 24. Rxa5 Rxa5 25. bxa5 h6 26. h3 Qa8 27. Nd4 f4 28. Qxf4 Qxa5 29. Nc6 Qxc3 30. Rc1 Qd2 31. Qxd2 Rxd2 32. Rxc4 1-0